| 000 | 01202nam a2200229 a 4500 | ||
|---|---|---|---|
| 008 | 060316s1974 ||||||||||||||||| || u | ||
| 020 | _a0126270503 | ||
| 050 | _aT 57.6 Sch | ||
| 100 | _aSchmidt, J. William | ||
| 245 | 1 | 0 | _aMathematical foundations for management science and systems analysis |
| 260 |
_aNew York : _bAcademic Press _c1974 |
||
| 300 | _axiii, 581 p. illus. | ||
| 350 | _a0.00 | ||
| 490 | _aOperations research and industrial engineering | ||
| 500 | _aIncludes bibliographies. | ||
| 650 | 0 | _aOPERATIONS RESEARCH | |
| 650 | _aSYSTEMS ANALYSIS | ||
| 995 |
_aANNEX COLLECTION (Main Library) _D0.00 _e720245 _FCBU-MAIN LIBRARY (Kitwe) _H2 _I7.90 _jT 57.6 Sch _M2 _UAVAILABLE _y014351 _ZAnnex Low-Usage Collection |
||
| 995 |
_aANNEX COLLECTION (Main Library) _D0.00 _e705594 _FCBU-MAIN LIBRARY (Kitwe) _H4 _I7.90 _jT 57.6 Sch _M3 _UAVAILABLE _y014352 _ZAnnex Low-Usage Collection |
||
| 995 |
_aANNEX COLLECTION (Main Library) _D0.00 _e705593 _FCBU-MAIN LIBRARY (Kitwe) _H3 _I7.90 _jT 57.6 Sch _M4 _UAVAILABLE _y014353 _ZAnnex Low-Usage Collection |
||
| 995 |
_aANNEX COLLECTION (Main Library) _D0.00 _e716345 _FCBU-MAIN LIBRARY (Kitwe) _H1 _I7.90 _jT 57.6 Sch _M1 _UAVAILABLE _y014350 _ZAnnex Low-Usage Collection |
||
| 999 |
_c82723 _d82723 |
||